Financial and accounting guide for nonprofit organizations (Record no. 63074)
[ view plain ]
| 000 -LEADER | |
|---|---|
| fixed length control field | 00963nam a2200193 a 4500 |
| 008 - FIXED-LENGTH DATA ELEMENTS--GENERAL INFORMATION | |
| fixed length control field | 120416s1979 ||||||||||||||||| || u |
| 050 ## - LIBRARY OF CONGRESS CALL NUMBER | |
| Classification number | HF 5686.N56 Gro |
| 100 ## - MAIN ENTRY--PERSONAL NAME | |
| Personal name | Gross, Malvern J |
| 245 10 - TITLE STATEMENT | |
| Title | Financial and accounting guide for nonprofit organizations |
| 250 ## - EDITION STATEMENT | |
| Edition statement | 3rd ed. |
| 260 ## - PUBLICATION, DISTRIBUTION, ETC. | |
| Place of publication, distribution, etc. | New York |
| Name of publisher, distributor, etc. | John Wiley and Sons |
| Date of publication, distribution, etc. | 1979 |
| 300 ## - PHYSICAL DESCRIPTION | |
| Extent | xi, 568p. : ill. |
| 350 ## - | |
| -- | 0.00 |
| 650 #0 - SUBJECT ADDED ENTRY--TOPICAL TERM | |
| Topical term or geographic name entry element | ACCOUNTING--HANDBOOKS, MANUALS, ETC |
| 650 ## - SUBJECT ADDED ENTRY--TOPICAL TERM | |
| Topical term or geographic name entry element | FINANCIAL ACCOUNTING |
| 995 ## - | |
| -- | MAIN LIBRARY OPEN ACCESS |
| -- | 0.00 |
| -- | 706939 |
| -- | CBU-MAIN LIBRARY (Kitwe) |
| -- | 1 |
| -- | 0.00 |
| -- | HF 5686.N56 Gro |
| -- | 3 |
| -- | AVAILABLE |
| -- | 006932 |
| -- | Main Library Open Access Collection |
| 995 ## - | |
| -- | ANNEX COLLECTION (Main Library) |
| -- | 0.00 |
| -- | 704444 |
| -- | CBU-MAIN LIBRARY (Kitwe) |
| -- | 3 |
| -- | 0.00 |
| -- | HF 5686.N56 Gro |
| -- | 2 |
| -- | AVAILABLE |
| -- | 006931 |
| -- | Annex Low-Usage Collection |
| 995 ## - | |
| -- | ANNEX COLLECTION (Main Library) |
| -- | 0.00 |
| -- | 705485 |
| -- | CBU-MAIN LIBRARY (Kitwe) |
| -- | 2 |
| -- | 0.00 |
| -- | HF 5686.N56 Gro |
| -- | 1 |
| -- | AVAILABLE |
| -- | 006930 |
| -- | Annex Low-Usage Collection |
| 999 ## - | |
| -- | 63074 |
| -- | 63074 |
| Withdrawn status | Lost status | Source of classification or shelving scheme | Damaged status | Not for loan | Permanent Location | Current Location | Shelving location | Date acquired | Total Checkouts | Full call number | Barcode | Date last seen | Price effective from | Koha item type |
|---|---|---|---|---|---|---|---|---|---|---|---|---|---|---|
| CBU-MAIN LIBRARY, KITWE. | CBU-MAIN LIBRARY, KITWE. | 12/24/2022 | HF 5686.N56 Gro | 006932 | 12/24/2022 | 12/24/2022 | MONOGRAPH | |||||||
| CBU-MAIN LIBRARY, KITWE. | CBU-MAIN LIBRARY, KITWE. | 12/24/2022 | HF 5686.N56 Gro | 006931 | 12/24/2022 | 12/24/2022 | MONOGRAPH | |||||||
| CBU-MAIN LIBRARY, KITWE. | CBU-MAIN LIBRARY, KITWE. | 12/24/2022 | HF 5686.N56 Gro | 006930 | 12/24/2022 | 12/24/2022 | MONOGRAPH |